[Event "VL 2017/18"]
[Site "Mecklenburg-Vorpommern"]
[Date "2017.11.26"]
[Round "3.3"]
[White "Ispirjan, Mikael"]
[Black "Ivanov, Sergey"]
[Result "1-0"]
[WhiteElo "1993"]
[BlackElo "1833"]
[PlyCount "65"]
[EventDate "2017.??.??"]
[EventType "team-tourn"]
[EventRounds "9"]
[SourceDate "2017.10.08"]
[WhiteTeam "SAV Torgelow"]
[BlackTeam "HSG Uni Rostock"]

1. e4 c5 2. Nf3 g6 3. d4 cxd4 4. Nxd4 Nc6 5. Nc3 Bg7 6. Be3 Nf6 7. Bc4 Qa5 8.
O-O O-O 9. Kh1 d6 10. f3 Bd7 11. Nd5 Rfe8 12. c3 Ne5 13. Bb3 Rac8 14. Qe2 e6
15. Nxf6+ Bxf6 16. f4 Nc6 17. Qf2 Nxd4 18. Bxd4 Bxd4 19. Qxd4 Qc5 20. Qf6 Bb5
21. Rf3 Bc4 22. f5 exf5 23. Bxc4 Qxc4 24. exf5 Re2 25. fxg6 fxg6 26. Qxd6 Rce8
27. h3 Re1+ 28. Rxe1 Rxe1+ 29. Kh2 Re8 30. b3 Qe4 31. Qf4 Qe7 32. c4 Rf8 33.
Qxf8+ 1-0

[Event "VL 2017/18"]
[Site "Mecklenburg-Vorpommern"]
[Date "2017.11.26"]
[Round "3.4"]
[White "Schwetlick, Thomas"]
[Black "Ehlers, Michael"]
[Result "1/2-1/2"]
[WhiteElo "1815"]
[BlackElo "1858"]
[PlyCount "34"]
[EventDate "2017.??.??"]
[EventType "team-tourn"]
[EventRounds "9"]
[SourceDate "2017.10.08"]
[WhiteTeam "HSG Uni Rostock"]
[BlackTeam "SAV Torgelow"]

1. e4 c5 2. Nf3 Nc6 3. d4 cxd4 4. Nxd4 Nf6 5. Nc3 e5 6. Ndb5 d6 7. Bg5 a6 8.
Na3 b5 9. Nd5 Be7 10. Bxf6 Bxf6 11. c3 O-O 12. Nc2 Bg5 13. a4 bxa4 14. Rxa4 a5
15. Bc4 Be6 16. Nce3 Rb8 17. b3 Kh8 1/2-1/2

[Event "VL 2017/18"]
[Site "Mecklenburg-Vorpommern"]
[Date "2017.11.26"]
[Round "3.5"]
[White "Lehmann, Ruben"]
[Black "Schroeder, Christian"]
[Result "1-0"]
[WhiteElo "1929"]
[BlackElo "1741"]
[PlyCount "76"]
[EventDate "2017.??.??"]
[EventType "team-tourn"]
[EventRounds "9"]
[SourceDate "2017.10.08"]
[WhiteTeam "SAV Torgelow"]
[BlackTeam "HSG Uni Rostock"]

1. d4 d5 2. c4 c6 3. Nc3 Nf6 4. e3 e6 5. Nf3 Be7 6. Bd3 O-O 7. O-O dxc4 8. Bxc4
b6 9. e4 Ba6 10. Bxa6 Nxa6 11. Qa4 Qc8 12. Bg5 h6 13. Bh4 g5 14. Bg3 b5 15. Qc2
Nh5 16. Ne5 Kg7 17. Rac1 Qb7 18. Qe2 Nxg3 19. fxg3 f6 20. Nd3 Rad8 21. Qf2 Qb6
22. Ne2 Rd7 23. g4 Rfd8 24. e5 Rf8 25. Qe3 c5 26. Nxc5 Nxc5 27. dxc5 Qc6 28.
Nd4 Rxd4 29. Qxd4 f5 30. gxf5 exf5 31. e6+ Kg6 32. Qd7 Bxc5+ 33. Kh1 Qxd7 34.
exd7 Bb6 35. Rc6+ Kg7 36. g4 f4 37. Rd1 f3 38. Rxb6 axb6 1-0

[Event "VL 2017/18"]
[Site "Mecklenburg-Vorpommern"]
[Date "2017.11.26"]
[Round "3.6"]
[White "Hantel, Thomas"]
[Black "Onasch, Paul"]
[Result "0-1"]
[WhiteElo "1626"]
[BlackElo "1935"]
[PlyCount "120"]
[EventDate "2017.??.??"]
[EventType "team-tourn"]
[EventRounds "9"]
[SourceDate "2017.10.08"]
[WhiteTeam "HSG Uni Rostock"]
[BlackTeam "SAV Torgelow"]

1. d4 d5 2. c4 e6 3. Nf3 Nf6 4. Nc3 c6 5. Bg5 Be7 6. e3 h6 7. Bh4 O-O 8. Bd3
dxc4 9. Bxc4 Nd5 10. Bxe7 Qxe7 11. O-O Nd7 12. e4 Nxc3 13. bxc3 e5 14. dxe5
Nxe5 15. Nxe5 Qxe5 16. Qd4 Re8 17. f3 Qc7 18. Rfd1 b5 19. Bb3 Be6 20. Bxe6 Rxe6
21. Rd2 Rc8 22. Rad1 c5 23. Qd7 Rc6 24. Qxc7 R8xc7 25. Kf2 Kf8 26. Ke3 Ke7 27.
f4 Ra6 28. Rb1 Rb6 29. Rd5 a5 30. Kd3 a4 31. a3 Rd7 32. Rxd7+ Kxd7 33. e5 Kc6
34. Ke4 b4 35. cxb4 cxb4 36. axb4 a3 37. Ke3 a2 38. Ra1 Ra6 39. Kd3 Kb5 40. Kc3
Ra3+ 41. Kb2 Kxb4 42. Rxa2 Rxa2+ 43. Kxa2 Kc4 44. Kb2 Kd4 45. Kc2 g5 46. g3
gxf4 47. gxf4 h5 48. h4 Ke4 49. Kc3 Kxf4 50. Kd4 Kg4 51. Ke4 Kxh4 52. Kf4 Kh3
53. Kg5 Kg3 54. Kxh5 Kf4 55. Kh4 Kxe5 56. Kg3 Ke4 57. Kf2 Kf4 58. Kg2 f6 59.
Kf2 f5 60. Kg2 Ke3 0-1

[Event "VL 2017/18"]
[Site "Mecklenburg-Vorpommern"]
[Date "2017.11.26"]
[Round "3.7"]
[White "Troemer, Felix"]
[Black "Lueth, Jochen"]
[Result "1/2-1/2"]
[WhiteElo "1553"]
[BlackElo "1599"]
[PlyCount "85"]
[EventDate "2017.??.??"]
[EventType "team-tourn"]
[EventRounds "9"]
[SourceDate "2017.10.08"]
[WhiteTeam "SAV Torgelow"]
[BlackTeam "HSG Uni Rostock"]

1. e4 d5 2. exd5 Qxd5 3. Nc3 Qa5 4. d4 c6 5. Bd2 Bf5 6. Nf3 e6 7. Bc4 Nf6 8.
O-O Be7 9. Nd5 Qd8 10. Nxe7 Qxe7 11. a3 Nd5 12. Re1 Nd7 13. Bxd5 cxd5 14. Bb4
Qd8 15. Ne5 Bg6 16. Qe2 a5 17. Bd6 Ra6 18. Nxd7 Rxd6 19. Ne5 O-O 20. c3 b6 21.
Qd2 Qf6 22. Re3 Qf5 23. Nxg6 Qxg6 24. Rg3 Qf6 25. Re1 Re8 26. Re5 g6 27. Rf3
Qg7 28. Qf4 Rf8 29. Ree3 Rd7 30. h4 h5 31. g4 hxg4 32. Qxg4 Qh6 33. Rg3 Kh7 34.
Re5 f5 35. Qh3 Rf6 36. Rg5 Kh8 37. Kg2 Rh7 38. Kg3 Kg7 39. f4 Kf7 40. Re2 Qf8
41. Qf1 Qd6 42. Rf2 Qc7 43. Qd3 1/2-1/2

[Event "VL 2017/18"]
[Site "Mecklenburg-Vorpommern"]
[Date "2017.11.26"]
[Round "3.8"]
[White "Bengtsson, Thomas"]
[Black "Otto, Martin"]
[Result "1/2-1/2"]
[WhiteElo "1532"]
[BlackElo "1853"]
[PlyCount "91"]
[EventDate "2017.??.??"]
[EventType "team-tourn"]
[EventRounds "9"]
[SourceDate "2017.10.08"]
[WhiteTeam "HSG Uni Rostock"]
[BlackTeam "SAV Torgelow"]

1. e4 e6 2. d4 d5 3. exd5 exd5 4. Be3 Nf6 5. Nf3 Bf5 6. Bd3 Bg4 7. Nbd2 c6 8.
h3 Bh5 9. Qe2 Be7 10. g4 Bg6 11. Bxg6 hxg6 12. O-O-O Nbd7 13. Bg5 Nf8 14. Rde1
Ne6 15. Bxf6 gxf6 16. Nb3 Qc7 17. Qd2 O-O-O 18. h4 Rh7 19. Qe3 Bd6 20. Kb1 b6
21. Qd3 Nf4 22. Qf1 Qd7 23. Qg1 Re8 24. Rxe8+ Qxe8 25. Qe1 Qxe1+ 26. Rxe1 Kd7
27. c3 Rh8 28. Kc2 Ng2 29. Rh1 Nf4 30. Re1 Re8 31. Rxe8 Kxe8 32. Nc1 Ke7 33.
Nd3 Ke6 34. Nxf4+ Bxf4 35. Kd3 f5 36. g5 Bd6 37. Ne1 f4 38. f3 f6 39. gxf6 Kxf6
40. Ke2 Kf5 41. Kf2 Be7 42. Ng2 c5 43. dxc5 bxc5 44. Ke2 c4 45. Kd2 a5 46. Kc2
1/2-1/2

[Event "VL 2017/18"]
[Site "Mecklenburg-Vorpommern"]
[Date "2017.11.26"]
[Round "3.1"]
[White "Focke, Adrian"]
[Black "Roehl, Rainer"]
[Result "0-1"]
[WhiteElo "1900"]
[BlackElo "2056"]
[PlyCount "86"]
[EventDate "2017.??.??"]
[EventType "team-tourn"]
[EventRounds "9"]
[SourceDate "2017.10.08"]
[WhiteTeam "SF Schwerin III"]
[BlackTeam "SF Schwerin II"]

1. e4 c5 2. Nf3 g6 3. d4 cxd4 4. Nxd4 Nc6 5. c4 Nf6 6. Nc3 Nxd4 7. Qxd4 d6 8.
Be2 Bg7 9. Bg5 O-O 10. Qd2 Bd7 11. Rc1 a6 12. O-O b5 13. cxb5 axb5 14. a3 Qa5
15. e5 b4 16. exf6 bxc3 17. Rxc3 exf6 18. Bf4 f5 19. Rd3 Rfe8 20. Rxd6 Bb5 21.
Bf3 Bxf1 22. Bxa8 Qxa8 23. Kxf1 Qe4 24. Rb6 Qb1+ 25. Qc1 Qd3+ 26. Kg1 Bd4 27.
Rb8 Rxb8 28. Bxb8 Bxb2 29. Qe1 Qxa3 30. Qe8+ Qf8 31. Qxf8+ Kxf8 32. f3 Ke7 33.
Kf2 Ke6 34. Ke3 Be5 35. Bxe5 Kxe5 36. f4+ Kd5 37. Kd3 f6 38. h3 g5 39. fxg5
fxg5 40. Ke3 Ke5 41. g3 h5 42. Kf3 h4 43. gxh4 gxh4 0-1

[Event "VL 2017/18"]
[Site "Mecklenburg-Vorpommern"]
[Date "2017.11.26"]
[Round "3.2"]
[White "Wagner, Ralph"]
[Black "Schumacher, Ole"]
[Result "1/2-1/2"]
[WhiteElo "2049"]
[BlackElo "1835"]
[PlyCount "74"]
[EventDate "2017.??.??"]
[EventType "team-tourn"]
[EventRounds "9"]
[SourceDate "2017.10.08"]
[WhiteTeam "SF Schwerin II"]
[BlackTeam "SF Schwerin III"]

1. d4 Nf6 2. c4 e6 3. Nc3 Bb4 4. Qc2 Nc6 5. Nf3 d6 6. Bd2 O-O 7. a3 Bxc3 8.
Bxc3 Qe7 9. e3 a5 10. Be2 e5 11. d5 Nb8 12. b4 axb4 13. axb4 Rxa1+ 14. Bxa1 c6
15. e4 Bg4 16. O-O Na6 17. Bc3 cxd5 18. cxd5 Rc8 19. Qd3 Nh5 20. Bd2 Nf4 21.
Bxf4 exf4 22. Nd4 Bxe2 23. Qxe2 Re8 24. Nf5 Qxe4 25. Qb5 Rd8 26. Qxb7 Qxf5 27.
Qxa6 Qxd5 28. Qa5 Qxa5 29. bxa5 Ra8 30. Ra1 Ra6 31. Kf1 f5 32. h4 Kf7 33. Ke2
Ke6 34. Kf3 Ke5 35. Ra4 d5 36. Ke2 g6 37. Kd3 h6 1/2-1/2

[Event "VL 2017/18"]
[Site "Mecklenburg-Vorpommern"]
[Date "2017.11.26"]
[Round "3.3"]
[White "Fischer, Torsten"]
[Black "Hasselmann, Dieter"]
[Result "1/2-1/2"]
[WhiteElo "1955"]
[BlackElo "2045"]
[PlyCount "64"]
[EventDate "2017.??.??"]
[EventType "team-tourn"]
[EventRounds "9"]
[SourceDate "2017.10.08"]
[WhiteTeam "SF Schwerin III"]
[BlackTeam "SF Schwerin II"]

1. e4 e5 2. Nc3 Nf6 3. f4 d5 4. fxe5 Nxe4 5. d3 Nxc3 6. bxc3 d4 7. Nf3 Nc6 8.
Bb2 Bc5 9. cxd4 Nxd4 10. c3 Nxf3+ 11. Qxf3 Qh4+ 12. g3 Qe7 13. d4 Ba3 14. Bxa3
Qxa3 15. Bc4 O-O 16. O-O Be6 17. Bd3 g6 18. Be4 c6 19. Rf2 Rad8 20. Rb1 Rd7 21.
Rfb2 Qe7 22. Rf2 Rfd8 23. Rfb2 Bc4 24. Rb4 Ba6 25. R4b2 Qe6 26. Bc2 c5 27. Bb3
Qe7 28. Re1 c4 29. Ba4 Rd5 30. Rbe2 b5 31. Bc2 Bb7 32. Be4 b4 1/2-1/2

[Event "VL 2017/18"]
[Site "Mecklenburg-Vorpommern"]
[Date "2017.11.26"]
[Round "3.5"]
[White "Kupfernagel, Michael"]
[Black "Paucher, Sloima"]
[Result "1-0"]
[WhiteElo "1935"]
[BlackElo "2146"]
[PlyCount "113"]
[EventDate "2017.??.??"]
[EventType "team-tourn"]
[EventRounds "9"]
[SourceDate "2017.10.08"]
[WhiteTeam "SF Schwerin III"]
[BlackTeam "SF Schwerin II"]

1. d4 Nf6 2. Nc3 d5 3. Bg5 Bf5 4. f3 Nc6 5. e3 h6 6. Bh4 e6 7. Nge2 Be7 8. Bf2
e5 9. dxe5 Nxe5 10. Nd4 Bd7 11. Be2 a6 12. O-O c5 13. Nb3 Bc6 14. a4 b6 15. Qd2
O-O 16. Rfd1 Qd7 17. Qe1 Qb7 18. Qf1 Rfd8 19. Rd2 Ng6 20. Rad1 Re8 21. Nc1 Ne5
22. b3 Bf8 23. Bh4 Ned7 24. Bf2 Bd6 25. f4 Bc7 26. g3 Ne4 27. Nxe4 dxe4 28.
Rxd7 Bxd7 29. Rxd7 Qc6 30. Rd2 Qf6 31. Qd1 Red8 32. Be1 Kh7 33. Rd5 Qa1 34. c4
b5 35. Qc2 f5 36. Bc3 Qa3 37. Rxf5 Rd7 38. Rd5 Re7 39. cxb5 axb5 40. Bxb5 Bb6
41. Kf2 Rd8 42. Bc4 Kh8 43. Ne2 Rxd5 44. Bxd5 c4 45. bxc4 Qd6 46. Nd4 Qg6 47.
Nc6 Qh5 48. Qe2 Qxh2+ 49. Ke1 Qxg3+ 50. Kd2 Rd7 51. a5 Bc5 52. Ne5 Ra7 53. Nf7+
Kh7 54. Bxe4+ Kg8 55. Bd5 Rxf7 56. Bxf7+ Kxf7 57. Qh5+ 1-0

[Event "VL 2017/18"]
[Site "Mecklenburg-Vorpommern"]
[Date "2017.11.26"]
[Round "3.6"]
[White "Kross, Gunnar"]
[Black "Helms, Sven"]
[Result "1/2-1/2"]
[WhiteElo "1970"]
[BlackElo "1884"]
[PlyCount "20"]
[EventDate "2017.??.??"]
[EventType "team-tourn"]
[EventRounds "9"]
[SourceDate "2017.10.08"]
[WhiteTeam "SF Schwerin II"]
[BlackTeam "SF Schwerin III"]

1. d4 Nf6 2. c4 e6 3. Nc3 Bb4 4. e3 c5 5. a3 Bxc3+ 6. bxc3 O-O 7. Bd3 d5 8. Ne2
b6 9. O-O Bb7 10. cxd5 exd5 1/2-1/2

[Event "VL 2017/18"]
[Site "Mecklenburg-Vorpommern"]
[Date "2017.11.26"]
[Round "3.8"]
[White "Zeeck, Detlef"]
[Black "Jaeschke, Jonathan"]
[Result "1-0"]
[WhiteElo "1668"]
[BlackElo "1266"]
[PlyCount "137"]
[EventDate "2017.??.??"]
[EventType "team-tourn"]
[EventRounds "9"]
[SourceDate "2017.10.08"]
[WhiteTeam "SF Schwerin II"]
[BlackTeam "SF Schwerin III"]

1. d4 Nf6 2. Bf4 e6 3. e3 b6 4. Nf3 Bb7 5. Bd3 c5 6. c3 Nc6 7. Nbd2 Be7 8. h3
d6 9. O-O O-O 10. Qe2 h6 11. e4 Qd7 12. Rad1 Rfd8 13. Bb1 Rac8 14. e5 Nd5 15.
Bg3 cxd4 16. cxd4 dxe5 17. dxe5 Bf8 18. Bh4 Be7 19. Bg3 Bf8 20. Qe4 f5 21. exf6
Nxf6 22. Qe2 Qe7 23. Rfe1 Nd4 24. Nxd4 Rxd4 25. Nf3 Rxd1 26. Rxd1 Bd5 27. Ne5
Qb7 28. f3 Rc5 29. Ng6 Qc8 30. Nxf8 Qxf8 31. Be5 Nd7 32. Bc3 Rc4 33. Bg6 Qf4
34. Rxd5 exd5 35. Qe6+ Kh8 36. Qxd7 Qf8 37. Qf7 Qxf7 38. Bxf7 Rc5 39. Kf2 d4
40. Bxd4 Rc2+ 41. Kg3 b5 42. b4 Rd2 43. Bc5 a6 44. f4 Rd7 45. Be6 Rd2 46. Kf3
Rc2 47. Bb3 Rd2 48. g3 g6 49. Be3 Rd3 50. Bc2 Rd6 51. g4 Kg7 52. h4 Rd8 53. f5
gxf5 54. gxf5 Rd6 55. Ke4 Rc6 56. Bd4+ Kf8 57. Bc5+ Kg7 58. Kd5 Rc8 59. Ke5 Rc6
60. Be4 Rf6 61. Be7 Rb6 62. f6+ Kf7 63. Bd5+ Ke8 64. Bc5 Rb8 65. f7+ Kd7 66.
f8=Q Kc7 67. Bd6+ Kd7 68. Qe7+ Kc8 69. Qc7# 1-0

[Event "VL 2017/18"]
[Site "Mecklenburg-Vorpommern"]
[Date "2017.11.26"]
[Round "3.1"]
[White "Wolke, Heiko"]
[Black "Mangold, Thomas"]
[Result "0-1"]
[WhiteElo "1988"]
[BlackElo "2002"]
[PlyCount "82"]
[EventDate "2017.??.??"]
[EventType "team-tourn"]
[EventRounds "9"]
[SourceDate "2017.10.08"]
[WhiteTeam "SFO Warnemuende"]
[BlackTeam "SSC Rostock 07"]

1. e4 e5 2. Nf3 Nc6 3. d4 exd4 4. c3 d5 5. exd5 Qxd5 6. cxd4 Bg4 7. Nc3 Bb4 8.
Be2 Bxf3 9. Bxf3 Qc4 10. Bxc6+ bxc6 11. Qe2+ Qxe2+ 12. Kxe2 O-O-O 13. Rd1 Ne7
14. Bf4 Nf5 15. Be3 Rhe8 16. Kf3 Rd6 17. Rd3 Bxc3 18. bxc3 c5 19. Bf4 Rd5 20.
Rad1 c4 21. R3d2 h6 22. g4 Nh4+ 23. Kg3 g5 24. Be3 f5 25. h3 Re4 26. gxf5 Rxf5
27. Rb2 Rf3+ 28. Kh2 Nf5 29. Re1 Rh4 30. Rb5 Rhxh3+ 31. Kg2 Nxe3+ 32. fxe3 Rxe3
33. Reb1 Reg3+ 34. Kf2 Rxc3 35. Ra5 Ra3 36. Rc5 Rxa2+ 37. Kg1 Rc3 38. Rf1 Rd2
39. d5 Kb7 40. Rb1+ Rb3 41. Rc1 c3 0-1

[Event "VL 2017/18"]
[Site "Mecklenburg-Vorpommern"]
[Date "2017.11.26"]
[Round "3.2"]
[White "Pererva, Viktor"]
[Black "Ruesch, Hans Joachim"]
[Result "1-0"]
[WhiteElo "2022"]
[BlackElo "1998"]
[PlyCount "95"]
[EventDate "2017.??.??"]
[EventType "team-tourn"]
[EventRounds "9"]
[SourceDate "2017.10.08"]
[WhiteTeam "SSC Rostock 07"]
[BlackTeam "SFO Warnemuende"]

1. d4 g6 2. c4 Bg7 3. e4 d6 4. Nc3 Nf6 5. f3 O-O 6. Be3 Nc6 7. Nge2 a6 8. Qd2
Rb8 9. Rc1 e5 10. d5 Ne7 11. Ng3 Nd7 12. Be2 f5 13. exf5 gxf5 14. f4 Ng6 15.
Nh5 Re8 16. O-O Qe7 17. Nxg7 Qxg7 18. Rce1 Nxf4 19. Bxf4 exf4 20. Qxf4 Ne5 21.
Bh5 Rf8 22. Re3 Bd7 23. Rg3 Ng6 24. Qg5 b5 25. cxb5 axb5 26. Bxg6 hxg6 27. Qxg6
Qxg6 28. Rxg6+ Kf7 29. Rg3 b4 30. Ne2 Rb5 31. Nf4 Rh8 32. Rd3 Ra5 33. Rb3 Rb8
34. Rc1 Rc5 35. Rxc5 dxc5 36. a3 Kf6 37. axb4 c4 38. Rc3 Rxb4 39. g3 Bb5 40.
Rc2 Rb3 41. Kf2 Ke5 42. h4 c6 43. Re2+ Kd6 44. h5 c3 45. Re6+ Kd7 46. bxc3 cxd5
47. Rb6 Ke7 48. h6 1-0

[Event "VL 2017/18"]
[Site "Mecklenburg-Vorpommern"]
[Date "2017.11.26"]
[Round "3.3"]
[White "Schumacher, Dirk"]
[Black "Tin, Sergey"]
[Result "0-1"]
[WhiteElo "1960"]
[BlackElo "2034"]
[PlyCount "72"]
[EventDate "2017.??.??"]
[EventType "team-tourn"]
[EventRounds "9"]
[SourceDate "2017.10.08"]
[WhiteTeam "SFO Warnemuende"]
[BlackTeam "SSC Rostock 07"]

1. e4 e5 2. d4 exd4 3. Nf3 Nc6 4. Bc4 Nf6 5. O-O Nxe4 6. Re1 d5 7. Bxd5 Qxd5 8.
Nc3 Qa5 9. Nxe4 Be6 10. Bd2 Qb6 11. Bg5 h6 12. Bh4 g5 13. Nf6+ Kd8 14. Bg3 Be7
15. Ne4 Ke8 16. Ne5 Rd8 17. Qh5 Kf8 18. Rad1 Rd5 19. Nd2 Nxe5 20. Rxe5 Rxe5 21.
Bxe5 f6 22. Nf3 Bf7 23. Qg4 fxe5 24. Nxe5 Kg7 25. h4 Qe6 26. Qg3 Bd6 27. f4
Bxe5 28. hxg5 Bd6 29. gxh6+ Kxh6 30. Rxd4 Rg8 31. Qh4+ Kg7 32. f5 Qe3+ 33. Kf1
Qc1+ 34. Kf2 Bc5 35. c3 Bxd4+ 36. Qxd4+ Kh7 0-1

[Event "VL 2017/18"]
[Site "Mecklenburg-Vorpommern"]
[Date "2017.11.26"]
[Round "3.4"]
[White "Heinicke, Wenke"]
[Black "Hamann, Dirk"]
[Result "1-0"]
[WhiteElo "1889"]
[BlackElo "1888"]
[PlyCount "93"]
[EventDate "2017.??.??"]
[EventType "team-tourn"]
[EventRounds "9"]
[SourceDate "2017.10.08"]
[WhiteTeam "SSC Rostock 07"]
[BlackTeam "SFO Warnemuende"]

1. d4 Nf6 2. c4 e5 3. dxe5 Ng4 4. Bf4 Nc6 5. Nf3 Bb4+ 6. Nbd2 Qe7 7. e3 O-O 8.
Be2 Ngxe5 9. Nxe5 Nxe5 10. O-O d6 11. Nb3 Ng6 12. Bg3 Re8 13. a3 Bc5 14. Nxc5
dxc5 15. b4 cxb4 16. axb4 Bf5 17. Qb3 c6 18. Rfd1 a6 19. Qc3 Rad8 20. c5 Qe4
21. Rxd8 Rxd8 22. f3 Qc2 23. Qxc2 Bxc2 24. Bd6 Re8 25. e4 Ne5 26. Rc1 Bd3 27.
Bd1 g5 28. Bb3 Bb5 29. Bxe5 Rxe5 30. Rd1 Re7 31. Kf2 Kg7 32. Rd6 h5 33. g3 g4
34. Ke3 f5 35. Be6 gxf3 36. Bxf5 Be2 37. h3 Kf8 38. Rd8+ Kg7 39. g4 h4 40. g5
Kf7 41. Rh8 Re5 42. Rh7+ Kf8 43. Rxb7 a5 44. bxa5 Rxc5 45. g6 Rc3+ 46. Kf2 Bc4
47. a6 1-0

[Event "VL 2017/18"]
[Site "Mecklenburg-Vorpommern"]
[Date "2017.11.26"]
[Round "3.5"]
[White "Staben, Norbert"]
[Black "Jeske, Holger"]
[Result "0-1"]
[WhiteElo "1706"]
[BlackElo "1832"]
[PlyCount "56"]
[EventDate "2017.??.??"]
[EventType "team-tourn"]
[EventRounds "9"]
[SourceDate "2017.10.08"]
[WhiteTeam "SFO Warnemuende"]
[BlackTeam "SSC Rostock 07"]

1. Nf3 d6 2. d4 e6 3. c4 f5 4. Nc3 Be7 5. e3 Nh6 6. Bd3 O-O 7. e4 Nf7 8. exf5
exf5 9. O-O c6 10. d5 c5 11. Bf4 g5 12. Bd2 g4 13. Ne1 Ne5 14. Bf4 Bg5 15. Qd2
Bxf4 16. Qxf4 Qh4 17. Nb5 Qe7 18. Bc2 a6 19. Nc3 Ng6 20. Qd2 Nd7 21. Nd3 Nde5
22. b3 Bd7 23. Nxe5 Nxe5 24. Ne2 f4 25. f3 gxf3 26. gxf3 Bh3 27. Rf2 Nxf3+ 28.
Rxf3 Qg7+ 0-1

[Event "VL 2017/18"]
[Site "Mecklenburg-Vorpommern"]
[Date "2017.11.26"]
[Round "3.6"]
[White "Schumann, Rabea"]
[Black "Schmidt, Reinhard"]
[Result "1/2-1/2"]
[WhiteElo "1829"]
[BlackElo "1773"]
[PlyCount "80"]
[EventDate "2017.??.??"]
[EventType "team-tourn"]
[EventRounds "9"]
[SourceDate "2017.10.08"]
[WhiteTeam "SSC Rostock 07"]
[BlackTeam "SFO Warnemuende"]

1. c4 Nf6 2. g3 c6 3. Nf3 d5 4. Bg2 dxc4 5. Na3 g6 6. Nxc4 Bg7 7. O-O O-O 8.
Rb1 Bf5 9. d3 Qc8 10. Re1 Rd8 11. Qb3 Na6 12. Be3 Ne8 13. Ng5 e6 14. Rec1 h6
15. Ne4 Bxe4 16. Bxe4 Nd6 17. Bg2 Nf5 18. Na5 Nxe3 19. fxe3 Rb8 20. Qa4 Qd7 21.
Nxb7 Qxb7 22. Rxc6 Nb4 23. Rxe6 Qd7 24. Qxd7 Rxd7 25. Re4 Nxa2 26. Ra1 Rxb2 27.
Ra4 Nc3 28. Rxa7 Rxa7 29. Rxa7 Nxe2+ 30. Kf1 Nc1 31. d4 Nd3 32. Bd5 Rf2+ 33.
Kg1 Rf6 34. Ra8+ Bf8 35. e4 g5 36. e5 Nxe5 37. dxe5 Rf5 38. Re8 Kg7 39. Kg2 g4
40. Be4 Rg5 1/2-1/2

[Event "VL 2017/18"]
[Site "Mecklenburg-Vorpommern"]
[Date "2017.11.26"]
[Round "3.7"]
[White "Vladov, Mark"]
[Black "Klippel, Jan"]
[Result "0-1"]
[WhiteElo "1615"]
[BlackElo "1983"]
[PlyCount "74"]
[EventDate "2017.??.??"]
[EventType "team-tourn"]
[EventRounds "9"]
[SourceDate "2017.10.08"]
[WhiteTeam "SFO Warnemuende"]
[BlackTeam "SSC Rostock 07"]

1. Nf3 Nf6 2. c4 c6 3. Nc3 d5 4. e3 a6 5. a4 e6 6. Qc2 Be7 7. Be2 a5 8. O-O Na6
9. b3 Nb4 10. Qb1 O-O 11. Bb2 b6 12. d3 Bb7 13. Na2 Rc8 14. d4 Ne4 15. Nxb4
Bxb4 16. Bd3 f5 17. Qc2 Nf6 18. c5 Nd7 19. cxb6 Qxb6 20. Qe2 Rf6 21. h4 Rff8
22. Rac1 Bd6 23. Nd2 Qd8 24. g3 Qb6 25. Rc2 Nf6 26. Kg2 Ne4 27. Bxe4 fxe4 28.
Qg4 Rf6 29. h5 Rcf8 30. Nxe4 dxe4 31. d5 e5 32. f4 exf3+ 33. Rxf3 Bc8 34. Qe4
Rxf3 35. dxc6 Qxb3 36. Bxe5 Bxe5 37. Re2 Rxg3+ 0-1

[Event "VL 2017/18"]
[Site "Mecklenburg-Vorpommern"]
[Date "2017.11.26"]
[Round "3.8"]
[White "Schulze, Christoph"]
[Black "Staben, Thomas"]
[Result "1/2-1/2"]
[WhiteElo "1613"]
[BlackElo "1590"]
[PlyCount "198"]
[EventDate "2017.??.??"]
[EventType "team-tourn"]
[EventRounds "9"]
[SourceDate "2017.10.08"]
[WhiteTeam "SSC Rostock 07"]
[BlackTeam "SFO Warnemuende"]

1. e4 e5 2. Nf3 d6 3. d4 exd4 4. Nxd4 d5 5. e5 c5 6. Bb5+ Bd7 7. e6 Bxb5 8.
exf7+ Kxf7 9. Nxb5 Qe8+ 10. Be3 Qe5 11. O-O a6 12. Qf3+ Nf6 13. Bf4 Qe4 14.
Qxe4 dxe4 15. Nc7 Ra7 16. Nc3 Be7 17. Rfe1 Rc8 18. Nxe4 Nxe4 19. Rxe4 b5 20.
Nd5 Nc6 21. Nxe7 Nxe7 22. Rd1 Nc6 23. c3 Re7 24. Rxe7+ Nxe7 25. Rd7 Ke8 26. Rd6
Rc6 27. Kf1 c4 28. Ke2 Rxd6 29. Bxd6 Nd5 30. f4 Kd7 31. Be5 g6 32. g4 Ke6 33.
h4 h6 34. Kf3 Ne7 35. Ke4 h5 36. gxh5 gxh5 37. Bd4 Nf5 38. Bf2 Nd6+ 39. Kf3 Kf5
40. b3 cxb3 41. axb3 a5 42. Bd4 a4 43. c4 axb3 44. c5 Nc4 45. c6 Ke6 46. f5+
Kxf5 47. c7 Nd6 48. Ke2 Ke6 49. Kd3 Kd7 50. Kc3 b2 51. Kxb2 Kxc7 52. Kb3 Kc6
53. Kb4 Nf5 54. Bf2 Ne7 55. Kb3 Nd5 56. Bd4 Kd6 57. Kc2 Ne7 58. Kb3 Nc6 59. Bf6
Kd5 60. Bc3 Kc5 61. Be1 b4 62. Bf2+ Kb5 63. Be3 Na5+ 64. Kc2 Kc4 65. Bc1 Nb7
66. Bb2 Nc5 67. Bf6 Na4 68. Kb1 Kb3 69. Be5 Nc3+ 70. Kc1 Ne4 71. Kb1 Nc5 72.
Bg7 Na4 73. Bf6 Kc4 74. Ka2 b3+ 75. Ka3 Nc5 76. Kb2 Nd3+ 77. Kb1 Kb4 78. Bg7
Ka3 79. Bf8+ Nb4 80. Ka1 Ka4 81. Kb1 Nd3 82. Bg7 Kb4 83. Bf6 Kc4 84. Bg7 Kd5
85. Bf6 Ke6 86. Bd8 Kf5 87. Be7 Kg4 88. Bf6 Nf4 89. Kb2 Ng6 90. Kxb3 Nxh4 91.
Kc2 Nf3 92. Kd1 Ng5 93. Bxg5 Kxg5 94. Ke1 Kg4 95. Kf1 Kg3 96. Kg1 h4 97. Kh1 h3
98. Kg1 h2+ 99. Kh1 Kh3 1/2-1/2

[Event "VL 2017/18"]
[Site "Mecklenburg-Vorpommern"]
[Date "2017.12.10"]
[Round "4.1"]
[White "Wolke, Heiko"]
[Black "Waschk, Armin"]
[Result "1/2-1/2"]
[WhiteElo "1988"]
[BlackElo "2117"]
[PlyCount "97"]
[EventDate "2017.??.??"]
[EventType "team-tourn"]
[EventRounds "9"]
[SourceDate "2017.10.08"]
[WhiteTeam "SFO Warnemuende"]
[BlackTeam "SG Guestrow/Teterow"]

1. e4 c5 2. Nf3 d6 3. c3 Nf6 4. e5 dxe5 5. Nxe5 Nbd7 6. Nxd7 Bxd7 7. Be2 e6 8.
O-O Bc6 9. Bf3 Qc7 10. d4 Rd8 11. Be3 cxd4 12. cxd4 Bc5 13. Nc3 Bxf3 14. Qxf3
Be7 15. Rfd1 Nd5 16. Nxd5 Rxd5 17. Rac1 Qd7 18. Qg3 O-O 19. Rc7 Qa4 20. b3 Qb4
21. Rc4 Qb5 22. Rdc1 Rfd8 23. Rc8 Bf6 24. Qb8 a6 25. R1c7 R5d7 26. Rxd8+ Bxd8
27. Rc8 Qa5 28. h3 f6 29. Qg3 Kf7 30. Qf3 Qd5 31. Qe2 Bb6 32. Qc2 f5 33. Rc4 g6
34. Qc3 Ba5 35. Qc2 b5 36. Rc6 Rd6 37. Rc8 Bd8 38. Qc3 g5 39. Rc5 Qe4 40. Re5
Qb1+ 41. Kh2 f4 42. Bc1 Qxa2 43. Bb2 Qb1 44. Ba3 Rd5 45. Rxd5 exd5 46. Qc8 Be7
47. Qd7 Qe4 48. Bxe7 Qxe7 49. Qf5+ 1/2-1/2

[Event "VL 2017/18"]
[Site "Mecklenburg-Vorpommern"]
[Date "2017.12.10"]
[Round "4.2"]
[White "Dettmann, Gerd"]
[Black "Ruesch, Hans Joachim"]
[Result "1/2-1/2"]
[WhiteElo "2107"]
[BlackElo "1998"]
[PlyCount "25"]
[EventDate "2017.??.??"]
[EventType "team-tourn"]
[EventRounds "9"]
[SourceDate "2017.10.08"]
[WhiteTeam "SG Guestrow/Teterow"]
[BlackTeam "SFO Warnemuende"]

1. e4 g6 2. d4 Bg7 3. Nc3 d6 4. Be3 Nf6 5. f3 a6 6. Bc4 b5 7. Bb3 Nbd7 8. Nh3
c5 9. a4 c4 10. Ba2 b4 11. Ne2 Qc7 12. O-O O-O 13. c3 1/2-1/2